[Event "I Magistral Barbera del Valles 2021"]
[Site "Barbera del Valles"]
[Date "2021.11.27"]
[Round "7.2"]
[White "Alonso Garcia, Aaron"]
[Black "Hernandez, Cristian"]
[Result "0-1"]
[WhiteElo "2367"]
[BlackElo "2376"]
[Annotator "TA"]
[PlyCount "122"]
[EventDate "2021.11.20"]
[EventType "tourn"]
[EventCountry "ESP"]
[SourceTitle "playchess.com"]
[Source "ChessBase"]
[SourceQuality "1"]

{[%evp 18,122,59,52,55,62,104,113,119,97,99,93,97,97,101,99,82,92,99,74,74,78,82,82,85,84,109,93,113,87,87,87,109,78,103,80,108,46,72,69,56,67,82,92,116,116,118,118,120,116,115,108,113,0,0,0,7,0,52,16,16,17,24,13,19,0,0,0,0,0,0,0,0,0,25,26,35,51,68,65,104,102,90,18,28,8,27,8,8,-57,-56,-54,0,0,0,-14,-23,-1471,-1295,-29978,-29979,-29976,-29976,-29997,-29998,-29998,-658]} 1. e4 c5 2. Nf3 Nc6 3. d4 cxd4 4. Nxd4 Nf6 5. Nc3 e5 6. Ndb5 h6 7. Nd6+ Bxd6 8. Qxd6 Qe7 9. Qxe7+ Kxe7 10. b3 d6 {B33: Sicilian: Pelikan and Sveshnikov Variations.} 11. Ba3 a5 12. O-O-O Nb4 {[#] White is better.} 13. Bb2 $146 ({Predecessor:} 13. f3 Bd7 14. Kb2 Rhd8 15. Rd2 Bc6 16. Nb5 Ne8 17. Be2 Na6 18. Rhd1 Bxb5 19. Bxb5 {1-0 (34) Gledura,B (2615)-Efimov,I (2413) Brest 2018}) 13... Be6 14. a3 Na6 15. f3 Nc7 16. a4 Nd7 17. Ba3 Nc5 18. Kb2 b6 19. g3 h5 20. h4 Rh6 21. Be2 Rg8 22. Kb1 f6 23. f4 Rg6 24. Rdg1 ({Reject} 24. Bxh5 $6 Rxg3 25. fxe5 dxe5 $11) 24... Rh6 25. Rh2 Rd8 26. Bf3 Bd7 27. f5 (27. Bc1 $16) 27... Bc6 28. g4 hxg4 29. Rxg4 Kf8 30. h5 Be8 31. Rg1 Bf7 32. Bc1 Rh7 33. h6 gxh6 34. Bxh6+ Ke8 35. Bh5 Bxh5 $11 36. Rxh5 Kf7 37. Rh4 Nd7 (37... d5 $11) 38. Bg5 Rdh8 39. Rxh7+ Rxh7 40. Be3 Rh3 41. Re1 Ke7 42. Kb2 Rf3 43. Bg1 d5 44. exd5 {White wants to play Rd1.} Rxf5 45. Rd1 {aiming for d6+.} Na6 46. d6+ Ke6 47. Nd5 Nac5 {[#]} 48. Nxb6 $1 {[%mdl 64] Black must now prevent Bxc5. Remove Defender} Nxb6 (48... Nb7 49. Nxd7) 49. Bxc5 $14 {[%mdl 4096] Endgame KRB-KRN} Nd7 50. Ba3 (50. Be3 $16) 50... e4 $1 $11 51. b4 e3 52. bxa5 Rxa5 53. Kb3 (53. Bb4 $11 Re5 54. a5) 53... f5 $1 $15 {[%mdl 1024] Black has compensation.} 54. Bb4 e2 55. Rh1 $11 Re5 56. Rh7 {Strongly threatening Re7+.} Nc5+ {[%mdl 64] Overworked Piece} 57. Bxc5 $2 {[%mdl 8192] This costs White the game.} (57. Kc4 $11 Kxd6 58. Rh6+ Kd7 59. Be1) 57... e1=Q $19 {( -> ...Qb1+)} 58. Re7+ Kd5 {Black mates.} 59. d7 Qb1+ 60. Ka3 {[#]} Kc4 $1 {[%cal Rb1a1][%mdl 512]} 61. Bd4 Qb4+ {Weighted Error Value: White=0.35/Black=0.09} (61... Qxc2 $142 62. Bxe5 Qb3#) 0-1

[Event "I Magistral Barbera del Valles 2021"]
[Site "Barbera del Valles"]
[Date "2021.11.27"]
[Round "7.3"]
[White "Lopez Martinez, Josep Manuel"]
[Black "Rios, Cristian Camilo"]
[Result "1-0"]
[WhiteElo "2520"]
[BlackElo "2460"]
[Annotator "TA"]
[PlyCount "59"]
[EventDate "2021.11.20"]
[EventType "tourn"]
[EventCountry "ESP"]
[SourceTitle "playchess.com"]
[Source "ChessBase"]
[SourceQuality "1"]

{[%evp 14,59,0,0,0,-2,47,4,40,15,57,49,48,50,66,70,75,70,81,52,60,25,34,26,38,24,13,0,0,12,3,12,27,9,33,29,22,0,0,0,63,68,213,218,446,433,1676,971]} 1. e4 c5 2. Nf3 d6 3. d4 cxd4 4. Nxd4 Nf6 5. Nc3 a6 6. Bc4 e6 7. Be3 Be7 8. f3 O-O {B80: Sicilian Scheveningen: 6 g3 and 6 Be3, including English Attack.} 9. a3 {[#]} Nbd7 $146 {[%cal Bb8d7,Bd7b6,Bb6c4][%mdl 32]} ({Predecessor:} 9... Qc7 10. Be2 Nbd7 11. O-O Ne5 12. Qd2 b5 13. Rac1 Bb7 14. Rfe1 d5 15. exd5 Nxd5 16. Nxd5 Bxd5 {½-½ (57) Mendes,A (1362)-Souza Jr,H (1747) Florianopolis 2020}) 10. Ba2 (10. Bxe6 $5 fxe6 11. Nxe6 $11 {[%mdl 64] Double Attack}) 10... Qc7 {The position is equal.} 11. Qe2 b5 12. O-O-O Nb6 13. g4 Bd7 14. g5 Nh5 15. f4 g6 16. f5 {[%cal Rf5e6]} Nc4 $1 17. Bxc4 (17. Rhf1 {is more complex.} Rab8 18. Bb3 Rfc8 19. Qf3 Rf8 20. f6) 17... bxc4 18. f6 Bd8 19. Kb1 Rb8 20. Ka1 (20. Bc1 {feels hotter.} Qc5 21. Qd2 Bc7 22. Ka1 Rfd8 23. Qe3) 20... Qb7 {[%csl Gb8][%cal Rb7b2]} 21. Rb1 Ba5 22. Bd2 Rfc8 23. Rhd1 Rc5 24. Nf3 Bc6 25. Re1 e5 26. Qd1 Bxc3 (26... Rd8 $11) 27. Bxc3 $14 {[%mdl 64] [#] Discovered Attack} Bxe4 (27... Qc7 $1 $14) 28. Qxd6 $18 Rcc8 $2 (28... Rc6 {was called for.} 29. Qd1 Bxf3 30. Qxf3 Re6 31. Qxb7 Rxb7 32. Rxe5 (32. Bxe5 h6 $14) 32... Rxe5 33. Bxe5 h6) 29. Nxe5 {Black must now prevent Rxe4!} Bxc2 {[#]} (29... Rd8 $142 30. Qe7 Re8) 30. Nxf7 $1 {[%mdl 512] Weighted Error Value: White=0.09/Black=0.30} 1-0

[Event "I Magistral Barbera del Valles 2021"]
[Site "Barbera del Valles"]
[Date "2021.11.27"]
[Round "7.4"]
[White "Alsina Leal, Daniel"]
[Black "Asis Gargatagli, Hipolito"]
[Result "1/2-1/2"]
[WhiteElo "2497"]
[BlackElo "2502"]
[Annotator "TA"]
[PlyCount "98"]
[EventDate "2021.11.20"]
[EventType "tourn"]
[EventCountry "ESP"]
[SourceTitle "playchess.com"]
[Source "ChessBase"]
[SourceQuality "1"]

{[%evp 18,98,19,14,25,18,13,8,16,8,7,0,0,0,0,0,16,0,0,0,0,0,0,0,0,0,0,0,24,24,17,-7,-7,-7,-6,-11,4,0,0,0,0,0,0,0,0,0,93,99,98,122,237,233,222,208,211,211,211,204,191,200,164,43,39,15,16,15,15,15,24,15,15,16,17,0,0,0,0,0,0,0,0,0,0]} 1. e4 e5 2. Nf3 Nc6 3. Bb5 a6 4. Ba4 Nf6 5. O-O Be7 6. Re1 b5 7. Bb3 Bb7 8. d3 O-O 9. Nc3 d6 10. a3 Re8 {C84: Closed Ruy Lopez: Unusual White 6th moves.} 11. Nd5 Nxd5 12. Bxd5 Qd7 {[#]} 13. c3 $146 ({Predecessor:} 13. Ng5 Bxg5 14. Bxg5 Nd8 15. Ba2 c5 16. Qh5 Ne6 17. Qg4 Kh8 18. Bd2 Qe7 19. b4 {½-½ (32) Shapiro,V (2361)-Schroeder,M (2440) ICCF email 2014}) 13... Nd8 14. Bxb7 Nxb7 15. d4 exd4 16. cxd4 c6 17. Bf4 d5 18. Ne5 Qe6 19. Qf3 Bd6 20. Rac1 dxe4 21. Qxe4 Na5 22. Qf3 Nb3 {[%mdl 64] [#] Double Attack} (22... Bxe5 $5 23. Rxe5 Qb3 $11) 23. Rcd1 {Threatens to win with Re3.} Qd5 24. Qxd5 cxd5 25. Re3 Na5 26. Nd3 Rxe3 27. fxe3 Bf8 28. a4 Nb3 29. axb5 axb5 30. Bg3 g5 31. Rf1 Nd2 {[#]} (31... h6 $11 {keeps the balance.}) 32. Rf5 $1 $16 {[%csl LRd5,LRg5][%cal Rf5g5]} Ra1+ 33. Be1 Bh6 (33... Ne4 $16 {might work better.}) 34. Kf2 Nc4 35. g4 Nxb2 36. Nxb2 Ra2 37. Rxd5 ({Don't play} 37. Bc3 $6 b4 $16) 37... Rxb2+ $18 {[%mdl 4096] Endgame KRB-KRB} 38. Kf3 f6 39. h3 ({Better is} 39. Rd8+ $18 Kf7 40. Rd7+ Kg6 41. d5) 39... Bf8 $14 40. Rd7 b4 41. Rb7 Rb1 42. Ke2 b3 43. Bc3 {d5 is the strong threat.} Ba3 $1 {The position is equal.} 44. d5 b2 $1 {Hoping for ...Rc1.} 45. d6 (45. Bxf6 {seems wilder.} Rh1 46. d6 Bxd6 47. Bxb2 Rxh3 48. Bd4) 45... Bxd6 46. Rxb2 Rxb2+ 47. Bxb2 Kf7 48. Kd3 Ke6 49. Ke4 Bc7 {White really could win this.  Weighted Error Value: White=0.09/Black=0.10} 1/2-1/2

[Event "I Magistral Barbera del Valles 2021"]
[Site "Barbera del Valles"]
[Date "2021.11.27"]
[Round "7.5"]
[White "Vasquez Schroeder, Rodrigo"]
[Black "Sankalp Gupta"]
[Result "0-1"]
[WhiteElo "2485"]
[BlackElo "2468"]
[Annotator "TA"]
[PlyCount "120"]
[EventDate "2021.11.20"]
[EventType "tourn"]
[EventCountry "ESP"]
[SourceTitle "playchess.com"]
[Source "ChessBase"]
[SourceQuality "1"]

{[%evp 12,120,16,2,7,8,4,0,0,0,27,-28,-27,-31,-27,-29,-1,-18,-14,-31,-29,-18,-26,-25,-15,-28,-15,-15,-15,-15,-8,-61,-61,-61,-64,-66,-45,-58,-68,-60,-34,-81,-71,-86,-74,-73,-77,-174,-171,-190,-41,-104,-94,-121,-116,-128,-131,-144,-128,-127,-83,-79,-84,-65,-59,-102,-76,-125,-123,-154,-155,-155,-155,-155,-155,-155,-149,-262,-262,-270,-253,-521,-521,-495,-494,-493,-471,-465,-451,-420,-411,-387,-416,-485,-472,-437,-332,-315,-319,-325,-328,-332,-303,-255,-280,-1179,-1172,-29984,-29985,-29985,-29986]} 1. d4 {Schandorff,L} Nf6 2. Nf3 d5 3. c4 e6 4. Nc3 Bb4 5. Qa4+ Nc6 6. a3 Bxc3+ 7. bxc3 O-O {D38: Queen's Gambit Declined: Ragozin Defence (4 Nf3 Bb4).} 8. Bg5 h6 9. Bxf6 Qxf6 {The position is equal.} 10. e3 Rd8 {[#]} 11. Qc2 $146 (11. cxd5 $142 exd5 12. Qd1) ({Predecessor:} 11. Bd3 Bd7 12. cxd5 exd5 13. O-O b6 14. Qc2 Na5 15. Ne5 c5 16. f4 c4 17. Bh7+ {1-0 (50) Dreev,A (2655)-Schandorff,L (2534) Fuegen 2006 CBM 115 [Schandorff,L]}) 11... Na5 12. cxd5 exd5 13. Bd3 b6 (13... c5 $5) 14. O-O c5 15. Nd2 c4 16. Be2 Bf5 17. Qb2 Qc6 18. Rfe1 Nb7 19. Bd1 Nd6 20. Bc2 Re8 21. f3 ({White should try} 21. Bxf5 $11 Nxf5 22. a4) 21... Bxc2 $15 22. Qxc2 f5 $1 23. Nf1 Re7 24. Ng3 g6 25. a4 Rae8 26. Kf2 Qd7 27. Re2 Re6 28. Qd2 h5 29. h4 (29. Kg1 $17 {was necessary.}) 29... Qe7 $19 30. Rh1 Nb7 (30... b5 $1 $19 31. axb5 Nxb5) 31. Nf1 ({White should play} 31. Ree1 $15) 31... Na5 32. g3 Qa3 33. Qc2 Nb3 34. Qa2 Qc1 35. Qb2 Qd1 {Hoping for ...Nc1.} 36. Re1 Qd3 37. Rh2 a6 38. Kg1 {Black converts the advantage convincingly.} b5 $1 $36 {[%mdl 2048] Black is really pushing.} 39. axb5 axb5 40. Qc2 Qxc2 41. Rxc2 {[#]} b4 $1 42. Rd1 bxc3 43. Rxc3 Kf7 44. Kf2 (44. Rc2 $17) 44... Ra6 45. Rc2 {[#]} Rea8 $1 {...Ra2 is the strong threat.} 46. Re1 $2 (46. Nd2) 46... Ra2 47. Ree2 Ra1 48. Re1 R8a2 49. Rxa2 Rxa2+ {[%mdl 4096] Endgame KRN-KRN} 50. Re2 Ra1 51. Rb2 Ke6 52. e4 Nxd4 53. exd5+ Kxd5 54. Ne3+ Kc5 55. Rb8 {intending Rc8+.} Ra2+ 56. Kf1 {Now Rc8+ and White clings on.} c3 57. Rc8+ Nc6 58. Rg8 $2 (58. Ke1) 58... Kd4 59. Rxg6 Kxe3 60. Rxc6 c2 {Weighted Error Value: White=0.43/Black=0.11} 0-1

[Event "I Magistral Barbera del Valles 2021"]
[Site "Barbera del Valles"]
[Date "2021.11.28"]
[Round "8.1"]
[White "Garriga Cazorla, Pere"]
[Black "Sankalp Gupta"]
[Result "1-0"]
[WhiteElo "2477"]
[BlackElo "2468"]
[Annotator "TA"]
[PlyCount "109"]
[EventDate "2021.11.20"]
[EventType "tourn"]
[EventCountry "ESP"]
[SourceTitle "playchess.com"]
[Source "ChessBase"]
[SourceQuality "1"]

{[%evp 12,108,0,3,6,0,8,4,16,19,18,21,35,0,35,-41,-29,-29,-31,-52,0,-10,-2,-22,50,-4,0,0,0,0,0,0,8,0,0,0,0,-8,-25,-47,-29,-60,-12,-66,29,19,35,18,16,0,0,0,0,0,0,0,0,0,0,0,2,0,0,0,0,0,0,0,0,0,0,0,0,0,0,0,0,0,0,0,0,0,0,0,29975,29961,29993,29994,29994,29995,29995,29996,29996,29997,29997,29998,29998,29999,29999]} 1. d4 Nf6 2. c4 e6 3. Nf3 d5 4. Nc3 Bb4 5. Qa4+ Nc6 6. a3 Bxc3+ 7. bxc3 O-O {D38: Queen's Gambit Declined: Ragozin Defence (4 Nf3 Bb4).} 8. Bg5 h6 9. Bh4 g5 {The position is equal.} 10. Bg3 Ne4 11. Qc2 {[#]} Ne7 $146 ({Predecessor:} 11... f5 12. e3 Bd7 13. Be2 Be8 14. Rb1 Na5 15. cxd5 exd5 16. Be5 b5 17. Nd2 Nc4 18. Nxc4 bxc4 {½-½ (41) Belov,V (2598)-Narayanan,S (2529) Moscow 2019}) 12. e3 h5 $1 13. h4 (13. cxd5 $14 exd5 14. c4) 13... Nxg3 $15 14. fxg3 g4 {[%cal Rg4f3]} 15. Ne5 Kg7 16. cxd5 exd5 17. Qf2 c5 (17... Qd6 $11) 18. Nd3 (18. Bd3 $14) 18... Qa5 19. Rc1 Qxa3 {Strongly threatening ...c4.} (19... c4 $5 20. Nf4 $8 Rh8 $11) 20. Be2 $1 c4 21. O-O Bf5 $36 {[%mdl 2048] Black is pushing.} 22. Nb4 Rad8 ({But not} 22... Qb2 $2 {[#]} 23. Nxd5 $1 {[%mdl 512]} Nxd5 24. Qxf5 $18) 23. e4 dxe4 24. Bxc4 f6 $1 25. Nc2 Qd6 ({Reject} 25... Qxc3 $6 26. Ne3 $16) 26. Ne3 Bd7 27. Ba2 (27. Ra1 $11) 27... b5 (27... f5 $15) 28. Rfd1 $11 Rc8 29. c4 bxc4 30. Nxc4 Qa6 {And now ...Be6 would win.} 31. Ne3 Rxc1 32. Rxc1 Rc8 33. Rxc8 Bxc8 34. Kh2 Qd6 35. Qb2 Nf5 36. Nxf5+ Bxf5 37. Qb7+ Qd7 38. Qb3 Qe8 {...e3 is the strong threat.} ({Not} 38... Qxd4 39. Qg8+ Kh6 40. Qf8+ Kh7 41. Bg8+ Kg6 42. Bf7+ Kh7 43. Qg8+ Kh6 44. Qh8+ Bh7 45. Qf8#) 39. Qe3 a5 40. d5 Qe7 41. Bc4 a4 42. Qb6 {Black must now prevent d6.} Bd7 43. d6 Qe8 44. Qe3 Kg6 45. Bd5 Bf5 46. Bc4 Qe5 47. Qb6 {Qd8 would kill now.} e3 $2 {[%mdl 8192] [#]} (47... Bd7 $11) 48. Qd8 {White mates.} e2 49. Qg8+ Kh6 50. Qf8+ Kh7 51. Bg8+ Kh8 52. Bf7+ {[%mdl 64] Discovered Attack} Kh7 53. Qg8+ Kh6 54. Qh8+ Bh7 55. Qf8# {Weighted Error Value: White=0.09/Black=0.20} 1-0

[Event "I Magistral Barbera del Valles 2021"]
[Site "Barbera del Valles"]
[Date "2021.11.28"]
[Round "8.2"]
[White "Asis Gargatagli, Hipolito"]
[Black "Vasquez Schroeder, Rodrigo"]
[Result "1/2-1/2"]
[WhiteElo "2502"]
[BlackElo "2485"]
[Annotator "TA"]
[PlyCount "28"]
[EventDate "2021.11.20"]
[EventType "tourn"]
[EventCountry "ESP"]
[SourceTitle "playchess.com"]
[Source "ChessBase"]
[SourceQuality "1"]

{[%evp 27,28,0,57]} 1. e4 e5 2. Nf3 Nc6 3. Bb5 a6 4. Ba4 Nf6 5. O-O Be7 6. Re1 b5 7. Bb3 d6 8. c3 O-O 9. h3 Bb7 10. d4 Re8 {[#]} 11. Ng5 $146 ({Predecessor:} 11. Nbd2 Bf8 12. a3 h6 13. Bc2 Nb8 14. b3 Nbd7 15. Bb2 Rb8 16. Rb1 g6 17. Bd3 c6 18. Qc2 Nh5 19. Bf1 Ng7 20. dxe5 dxe5 21. c4 Rc8 22. Rbd1 Qe7 {1-0 (63) Firouzja,A (2770)-Predke,A (2666) Riga 2021}) 11... Rf8 12. Nf3 Re8 13. Ng5 {13.Bc2 gains popularity.} Rf8 14. Nf3 Re8 1/2-1/2

[Event "I Magistral Barbera del Valles 2021"]
[Site "Barbera del Valles"]
[Date "2021.11.28"]
[Round "8.3"]
[White "Rios, Cristian Camilo"]
[Black "Alsina Leal, Daniel"]
[Result "1/2-1/2"]
[WhiteElo "2460"]
[BlackElo "2497"]
[Annotator "TA"]
[PlyCount "73"]
[EventDate "2021.11.20"]
[EventType "tourn"]
[EventCountry "ESP"]
[SourceTitle "playchess.com"]
[Source "ChessBase"]
[SourceQuality "1"]

{[%evp 13,73,0,0,0,0,0,0,0,0,0,0,0,8,20,21,-19,-18,-27,-20,-11,0,-20,-7,-9,-6,-12,0,0,0,0,4,4,4,8,15,15,18,14,10,4,40,39,132,87,76,97,93,86,68,0,0,0,0,0,0,0,0,0,0,0,0,0]} 1. d4 Nf6 2. c4 e6 3. Nc3 Bb4 4. Qc2 O-O 5. e4 d5 6. e5 Ne4 7. Bd3 c5 8. Nf3 {E32: Nimzo-Indian: Classical (4 Qc2): 4...0-0.} cxd4 9. Nxd4 Nd7 10. Bf4 Qh4 $1 {10...Qh4 scores better than 10...Ndc5.} 11. g3 Qh5 12. O-O g5 13. cxd5 gxf4 14. Nxe4 exd5 15. Nf6+ Nxf6 16. exf6 Bh3 17. Rfd1 {[#]} Rfe8 $146 ({Predecessor:} 17... Rac8 18. Qe2 Qxe2 19. Bxe2 fxg3 20. hxg3 Rfe8 21. Bf3 Rcd8 22. Rac1 Rd6 23. a3 Ba5 {½-½ (42) Nguyen,T (2419)-Ruck,R (2541) Tallinn 2019}) 18. Rac1 Rac8 19. Qa4 Bf8 20. Rxc8 (20. Qxa7 $2 Bc5 $1 $19 {[%mdl 512]}) 20... Rxc8 21. Re1 Qg5 22. Ne2 ({Wrong is} 22. Qxa7 $2 fxg3 23. hxg3 Qd2 $19) 22... fxg3 23. hxg3 Qd2 24. Rd1 Qb4 25. Qxb4 (25. Qb5 {seems wilder.} Bc5 26. Kh2 Qxb5 27. Bxb5 Be6 28. Nf4) 25... Bxb4 26. f3 {Strongly threatening g4.} Be6 27. Kg2 Bd6 (27... Bf8 $14) 28. g4 Be5 {[#]} 29. g5 h6 {[#]} 30. f4 {[%cal Rf4e5]} Bxb2 31. Rh1 (31. Rb1 $14 Bc3 32. Rxb7) 31... hxg5 $11 {The position is equal.} 32. fxg5 {Nf4 is the strong threat.} Be5 33. Bh7+ Kf8 34. Bf5 {[%cal Rh1h8]} Kg8 35. Bh7+ Kf8 36. Bf5 {[%cal Rh1h8]} Kg8 37. Bh7+ {Weighted Error Value: White=0.08/Black=0.10} 1/2-1/2

[Event "I Magistral Barbera del Valles 2021"]
[Site "Barbera del Valles"]
[Date "2021.11.28"]
[Round "8.4"]
[White "Hernandez, Cristian"]
[Black "Lopez Martinez, Josep Manuel"]
[Result "0-1"]
[WhiteElo "2376"]
[BlackElo "2520"]
[Annotator "TA"]
[PlyCount "144"]
[EventDate "2021.11.20"]
[EventType "tourn"]
[EventCountry "ESP"]
[SourceTitle "playchess.com"]
[Source "ChessBase"]
[SourceQuality "1"]

{[%evp 14,144,20,-2,13,1,16,2,14,-6,-3,-28,-12,-28,-21,-25,-14,-16,-14,-22,-27,-30,-27,-24,-15,-17,-11,-27,7,-29,-26,-39,0,-7,-15,-8,0,0,0,0,0,0,-10,-20,17,8,47,54,47,66,116,114,114,108,107,108,120,112,139,29,25,27,48,41,114,17,22,18,26,8,8,0,0,0,0,0,0,0,0,0,0,0,0,0,0,0,0,0,0,0,0,0,0,0,0,0,0,0,0,0,0,0,0,-86,0,-15,0,0,0,-576,-8,-8,0,0,0,-552,-552,-560,-560,-552,-552,-548,-548,-545,-545,-527,-520,-545,-519,-509,-496,-443,-421]} 1. Nf3 e6 2. g3 b5 3. e3 a6 4. Bg2 Bb7 5. O-O c5 6. b3 Nf6 7. c4 Be7 8. Bb2 O-O {A13: English Opening: 1...e6.} 9. Nc3 b4 10. Ne2 d6 {[#] The position is equal.} 11. h3 $146 ({Predecessor:} 11. Qc2 Nbd7 12. h3 Qc7 13. d3 a5 14. a4 d5 15. cxd5 exd5 16. Nd2 Rac8 17. e4 {0-1 (44) Rezasade,A (2354)-Seul,G (2419) Germany 2019}) 11... Nbd7 12. g4 a5 13. Ng3 Ne4 14. Nxe4 Bxe4 15. d3 Bb7 16. Nd2 Bxg2 17. Kxg2 a4 18. a3 bxa3 19. Rxa3 axb3 20. Rxb3 h6 21. f4 Ra2 22. Rf2 Bh4 23. Re2 Qa8+ 24. Nf3 Bf6 (24... f5 {with more complications.} 25. gxf5 exf5 26. Qf1 Bf6 27. Kh2 Bxb2 28. Rexb2 Rb8) 25. Bxf6 Nxf6 26. e4 d5 27. cxd5 exd5 28. e5 {[#]} c4 $1 29. Rbb2 {[%cal Rb2a2]} Ra1 30. Rb1 Rxb1 31. Qxb1 Nd7 32. dxc4 $1 dxc4 33. Qb5 $1 {[%csl LRc4,LRd7]} Rd8 34. Qxc4 Nb6 35. Qe4 Nd5 36. e6 (36. Rd2 $16) 36... fxe6 $11 37. Qxe6+ Kh8 38. Qe4 Rb8 (38... Rf8 $14 39. f5 Qa6) 39. f5 ({Better is} 39. Rd2 $16 Nf6 40. Qxa8 Rxa8 41. Ne5) 39... Qa6 $1 40. Rd2 Nf6 41. Qf4 (41. Qe6 {keeps more tension.} Qb7 42. Rc2 Re8 43. Qc4 Qa8 44. Re2) 41... Re8 42. Ne5 Kh7 43. g5 hxg5 44. Qxg5 Qa8+ 45. Nf3 Re4 (45... Kg8 {is interesting.} 46. Qh4 Qb8 47. Ng5 Qb7+ 48. Kh2 Qb5) 46. Qg3 {And now Ng5+ would win.} (46. Kh2 {feels hotter.} Kh8 47. Qg3 Re3 48. Rb2 Qd5 49. Rb8+) 46... Kg8 47. Qd6 (47. Rb2 {with more complications.} Qd5 48. Rb8+ Ne8 49. f6 Qa2+ 50. Qf2) 47... Re8 48. Qd4 (48. Qb4 {seems wilder.} Re3 49. Qc4+ Kh8 50. Qh4+ Kg8 51. Qf4) 48... Qc6 49. Qd3 Kh8 50. Rc2 Qb7 {White must now prevent ...Nd5.} 51. Rc4 Qb2+ 52. Rc2 (52. Nd2 {looks sharper.} Qb7+ 53. Qf3 Qb2 54. Rh4+ Kg8 55. Qb3+) 52... Qb1 53. Rd2 Qb7 54. Re2 Rc8 55. Qd4 Qb5 56. Re5 Rc2+ 57. Kg3 {White threatens Qd8+ and mate.} Qb8 58. Kh4 (58. Ng5 $11 {remains equal.}) 58... Qg8 (58... Rb2 $1 $17 {[%cal Rb2b4] ...Rb4! is the strong threat.} 59. Kg3 Rb4) 59. Nd2 Qh7+ 60. Kg3 Qh6 61. Re3 $2 {[%mdl 8192] [#]} (61. Ne4 $11) 61... Qg5+ $2 ({Black should play} 61... Rxd2 $1 $19 {[%mdl 512]} 62. Qxd2 Ne4+ $1 {[%mdl 512]} 63. Rxe4 Qxd2) 62. Kh2 Nd5 63. Rd3 Nf6 $40 {[%mdl 128] White needs to defend precisely.} 64. Qd6 $2 {[%mdl 8192] [#]} (64. Re3 $11) 64... Ne4 $1 $19 {[%cal Re4d6] Black is clearly winning.} 65. Qd8+ Qxd8 66. Rxd8+ {[%mdl 4096] Endgame KRN-KRN} Kh7 67. Re8 Rxd2+ 68. Kg1 Nf6 69. Re3 Kh6 70. Kf1 Rd5 71. Rf3 Nh5 {Threatens to win with ...Rxf5!} 72. Kg2 Kg5 {Weighted Error Value: White=0.15/Black=0.08} 0-1

[Event "I Magistral Barbera del Valles 2021"]
[Site "Barbera del Valles"]
[Date "2021.11.28"]
[Round "8.5"]
[White "Munoz, Miguel"]
[Black "Alonso Garcia, Aaron"]
[Result "1-0"]
[WhiteElo "2450"]
[BlackElo "2367"]
[Annotator "TA"]
[PlyCount "59"]
[EventDate "2021.11.20"]
[EventType "tourn"]
[EventCountry "ESP"]
[SourceTitle "playchess.com"]
[Source "ChessBase"]
[SourceQuality "1"]

{[%evp 26,58,33,8,16,14,12,19,55,61,62,10,244,254,289,306,311,313,314,291,322,326,446,457,767,756,760,742,1079,1078,966,794,929,766,29999]} 1. e4 e6 2. d4 d5 3. Nd2 Nf6 4. Bd3 c5 5. e5 Nfd7 6. c3 Nc6 7. Ne2 cxd4 8. cxd4 f6 9. exf6 Nxf6 10. O-O Bd6 11. Nf3 Qc7 12. Bg5 O-O 13. Rc1 Ng4 14. h3 Rxf3 {C06: French Tarrasch: 3...Nf6 4 e5 Nfd7 5 Bd3 main lines.} 15. hxg4 Rf7 16. Be3 e5 {The position is equal.} 17. dxe5 Bxe5 {[#]} 18. f4 $146 (18. g5 $1 $14) ({Predecessor:} 18. g5 Bxb2 19. Rc5 Bg4 20. Qc2 Ba3 21. Rc3 Bd6 22. Bxh7+ Kh8 23. Bg6 Rff8 24. f3 {1-0 (32) Nagy,P (1961)-Pacholsky,M (2071) Slovakia 2005}) 18... Bxg4 $2 {[#] This costs Black the game.} (18... Bxb2 $11 {and Black stays safe.} 19. Rc2 Ba3) 19. fxe5 $18 Qxe5 20. Qd2 Rxf1+ 21. Rxf1 Re8 22. Bf4 Qe7 {[%cal Rg4e2]} 23. Nc3 d4 24. Ne4 Ne5 (24... Rf8 $142 25. Re1 Qb4) 25. Bxe5 Qxe5 26. Ng5 Bh5 27. Bc4+ Kh8 28. Bf7 Rf8 29. Bxh5 {[%cal Rf1f8] [#]} h6 30. Rxf8# {Weighted Error Value: White=0.13/Black=1.03} 1-0